| 000 | 01054cam a2200349 i 4500 | ||
|---|---|---|---|
| 001 | 11798 | ||
| 005 | 20150716152525.0 | ||
| 008 | 791114s1979 enk b 001 0 eng | ||
| 010 | _a 78073240 | ||
| 020 |
_a0521226325 : _c$17.00 |
||
| 035 | _a(OCoLC)4492306 | ||
| 035 | _a(OCoLC)ocm04492306 | ||
| 035 | _a(CStRLIN)NYCG12897760-B | ||
| 035 | _a(NNC)11798 | ||
| 040 | _dNNC | ||
| 050 | 0 |
_aQ175 _b.C477 |
|
| 082 | _a301 | ||
| 090 |
_aQ175b _b.C477 |
||
| 100 | 1 |
_aChurchland, Paul M., _d1942- _917554 |
|
| 245 | 1 | 0 |
_aScientific realism and the plasticity of mind / _cPaul M. Churchland. |
| 260 |
_aCambridge ; _aNew York : _bCambridge University Press, _c1979. |
||
| 300 |
_ax, 157 p. ; _c22 cm. |
||
| 490 | 1 | _aCambridge studies in philosophy | |
| 500 | _aIncludes index. | ||
| 504 | _aBibliography: p. [152]-154. | ||
| 650 | 0 |
_aScience _xPhilosophy. _918304 |
|
| 650 | 0 |
_aKnowledge, Theory of. _918305 |
|
| 650 | 0 |
_aRealism. _911315 |
|
| 830 | 0 |
_aCambridge studies in philosophy. _912860 |
|
| 942 |
_2lcc _cMONOGRAPH |
||
| 999 |
_c122968 _d122968 |
||